[Event "Airthings Masters - Preliminari"]
[Site "Internet"]
[Date "20.02.2022"]
[Round "7"]
[White "Keymer, Vincent"]
[Black "Abdusattorov, Nodirbek"]
[Result "1-0"]
[WhiteElo "2664"]
[BlackElo "2651"]
[EventDate "2022.02.19"]

1. d4 Nf6 2. c4 g6 3. g3 c6 4. Bg2 d5 5. Nf3 Bg7 6. O-O O-O 7. a4 Bf5 8.
Nc3 dxc4 9. a5 Nbd7 10. Qa4 b5 11. axb6 axb6 12. Qxa8 Qxa8 13. Rxa8 Rxa8
14. Nd2 Nd5 15. Nxd5 cxd5 16. Bxd5 Rc8 17. Nxc4 Bxd4 18. Rd1 Bf6 19. Ne3
Bh3 20. Bg2 Be6 21. Nd5 Kg7 22. Nxf6 exf6 23. Bd2 Rc2 24. Bc3 Nc5 25. Re1
Bc4 26. Bf3 b5 27. h4 h5 28. Kf1 Be6 29. Rd1 Bb3 30. Rd2 Rc1+ 31. Kg2 Na4
32. Bd4 b4 33. Be4 Nc5 34. Bxc5 Rxc5 35. Rd4 Rb5 36. Kf3 Be6 37. Bd3 Rb7
38. Bc4 Bxc4 39. Rxc4 f5 40. Ke3 Kf6 41. Kd3 Ke6 42. Rd4 f6 43. e3 g5 44.
b3 Ra7 45. Ke2 Rb7 46. Ke1 Rb6 47. Kf1 Rb7 48. Kg1 Rb6 49. Kh1 Rb5 50. Kh2
Rb6 51. Kh3 Kf7 52. Rd7+ Kg6 53. Kg2 f4 54. gxf4 gxf4 55. e4 Rc6 56. Rb7
Rc3 57. Rxb4 Rd3 58. Rb5 Rc3 59. Rb6 Kf7 60. Rb7+ Ke6 61. Rb5 Rd3 62. Rxh5
Rxb3 63. Rf5 Rc3 64. h5 Rb3 65. h6 Kf7 66. e5 Ke6 67. Rh5 Rb8 68. h7 Rh8
69. exf6 Kxf6 70. Kf3 Kg6 71. Kg4 f3 72. Rh3 Kg7 73. Rh2 Kg6 74. Kxf3 Kg7
75. Kg4 Kg6 76. Rh3 Kf6 77. Rh6+ Kf7 78. Kg5 Kg7 79. f4 Kf7 80. Rh1 Kg7 81.
f5 1-0

[Event "Airthings Masters - Preliminari"]
[Site "Internet"]
[Date "20.02.2022"]
[Round "7"]
[White "Niemann, Hans Moke"]
[Black "Carlsen, Magnus"]
[Result "0-1"]
[WhiteElo "2642"]
[BlackElo "2865"]
[EventDate "2022.02.19"]

1. c4 g6 2. Nc3 c5 3. Nf3 Bg7 4. e3 Nf6 5. d4 cxd4 6. exd4 O-O 7. d5 e6 8.
Be2 exd5 9. cxd5 d6 10. h3 Re8 11. O-O Nbd7 12. Be3 Rxe3 13. fxe3 Qe7 14.
Kh2 Nc5 15. Qd2 Bd7 16. Bd3 Re8 17. Rae1 Bh6 18. b4 Nce4 19. Bxe4 Nxe4 20.
Qd4 Nxc3 21. Qxc3 Bb5 22. Rf2 Bg7 23. Qc2 h5 24. a4 Bd7 25. e4 Rc8 26. Qb3
Rc3 27. Qd1 Rc4 28. e5 dxe5 29. d6 Qf6 30. Qd5 Rc6 31. Qxe5 Qxd6 32. Qxd6
Rxd6 33. Ng5 Bf6 34. Ne4 Be5+ 35. Kh1 Rd4 36. Rd2 Bxa4 37. Rxd4 Bxd4 38.
Nd6 Bc3 39. Re4 b5 40. Re8+ Kg7 41. Re7 Bxb4 42. Rxf7+ Kh6 43. Ne4 a5 44.
h4 Bb3 45. Ra7 a4 46. g4 hxg4 47. Nf6 g5 48. h5 Bc2 49. Kg2 Bc3 50. Ng8+
Kxh5 51. Ra6 Be4+ 52. Kg3 Be5+ 53. Kf2 g3+ 54. Ke3 g2 0-1

[Event "Airthings Masters - Preliminari"]
[Site "Internet"]
[Date "20.02.2022"]
[Round "7"]
[White "Praggnanandhaa, Rameshbabu"]
[Black "Giri, Anish"]
[Result "1/2-1/2"]
[WhiteElo "2612"]
[BlackElo "2772"]
[EventDate "2022.02.19"]

1. d4 d5 2. Nf3 Nf6 3. Bf4 Bf5 4. c4 e6 5. Qb3 dxc4 6. Qxb7 Be4 7. Qxc7
Bb4+ 8. Nbd2 Qxc7 9. Bxc7 Ke7 10. e3 Rc8 11. Bg3 c3 12. bxc3 Rxc3 13. Be2
Rc2 14. a3 Ba5 15. Kd1 Bxf3 16. Nxf3 Rb2 17. Bd3 Nbd7 18. e4 Rc8 19. Rc1
Rc3 20. Rxc3 Bxc3 21. Rf1 h6 22. Bf4 Ra2 23. Bc1 Bb2 24. Bxb2 Rxb2 25. Nd2
Ra2 26. Ke2 Rxa3 27. Rb1 Ra4 28. Rb7 Kd8 29. Bb5 Rxd4 30. Rxa7 Rb4 31. Bxd7
Nxd7 32. Kd3 Ne5+ 33. Kc3 Rb8 34. f4 Rc8+ 35. Kb3 Rb8+ 36. Kc3 Rc8+ 37. Kb3
Rb8+ 38. Kc3 Rc8+ 1/2-1/2

[Event "Airthings Masters - Preliminari"]
[Site "Internet"]
[Date "20.02.2022"]
[Round "7"]
[White "Le Quang Liem"]
[Black "Mamedyarov, Shakhriyar"]
[Result "1-0"]
[WhiteElo "2709"]
[BlackElo "2767"]
[EventDate "2022.02.19"]

1. d4 Nf6 2. c4 e5 3. dxe5 Ng4 4. Bf4 g5 5. Bg3 Bg7 6. Nf3 Nc6 7. h4 Ngxe5
8. Nxe5 Nxe5 9. hxg5 Nxc4 10. Nc3 Qxg5 11. Rh4 Ne5 12. Nd5 O-O 13. Nxc7 Rb8
14. e3 d6 15. Nd5 Be6 16. Bd3 h6 17. Be2 Rbc8 18. Kf1 Bxd5 19. Qxd5 Rc2 20.
Qxb7 Rfc8 21. Rd1 Ng6 22. Rh5 Qf6 23. Bg4 Rc1 24. Rhd5 R8c2 25. Qb8+ Kh7
26. Rxd6 Qg5 27. Bf3 Rxb2 28. Qxa7 Rxd1+ 29. Rxd1 Qf5 30. Kg1 h5 31. Qd7
Qxd7 32. Rxd7 h4 33. Bc7 Ne5 34. Be4+ Kh6 35. Bxe5 Bxe5 36. Rxf7 1-0

[Event "Airthings Masters - Preliminari"]
[Site "Internet"]
[Date "20.02.2022"]
[Round "7"]
[White "Ding Liren"]
[Black "Duda, Jan-Krzysztof"]
[Result "1/2-1/2"]
[WhiteElo "2799"]
[BlackElo "2760"]
[EventDate "2022.02.19"]

1. d4 Nf6 2. c4 e6 3. Nf3 d5 4. Nc3 c5 5. cxd5 Nxd5 6. e4 Nxc3 7. bxc3 cxd4
8. cxd4 Bb4+ 9. Bd2 Bxd2+ 10. Qxd2 O-O 11. Bc4 Nd7 12. O-O b6 13. Rfe1 Bb7
14. Rad1 Rc8 15. Bb3 Re8 16. h3 Nf6 17. Qf4 Qc7 18. Qxc7 Rxc7 19. d5 exd5
20. exd5 Rxe1+ 21. Rxe1 Kf8 22. d6 Rd7 23. Ne5 Rxd6 24. Nxf7 Rd4 25. Ng5
Bd5 26. Ne6+ Bxe6 27. Rxe6 Nd7 28. Rc6 Nc5 29. Rc8+ Ke7 30. Rc7+ Rd7 31.
Rxd7+ Kxd7 32. Bg8 h6 33. f4 b5 34. Kf2 a5 35. Ke3 Kd6 36. Kd4 a4 37. h4 b4
38. Kc4 b3 39. axb3 a3 40. Kc3 Nd3 41. b4 Nxf4 42. g4 Ng6 43. h5 Ne5 44.
Kb3 g6 45. hxg6 Nxg6 46. Kxa3 Ne5 47. Ka4 Nxg4 48. Bf7 Kc7 49. Bh5 Ne5 50.
Kb5 Nc6 51. Kc5 Nxb4 52. Kxb4 Kd6 53. Be2 h5 54. Bxh5 1/2-1/2

[Event "Airthings Masters - Preliminari"]
[Site "Internet"]
[Date "20.02.2022"]
[Round "8"]
[White "Artemiev, Vladislav"]
[Black "Duda, Jan-Krzysztof"]
[Result "1/2-1/2"]
[WhiteElo "2700"]
[BlackElo "2760"]
[EventDate "2022.02.19"]

1. Nf3 d5 2. g3 c5 3. Bg2 Nf6 4. O-O Nc6 5. d4 e6 6. b3 cxd4 7. Nxd4 Bd7 8.
c4 Bc5 9. Bb2 Bxd4 10. Bxd4 Nxd4 11. Qxd4 dxc4 12. Bxb7 Rb8 13. Bf3 cxb3
14. axb3 Rxb3 15. Nd2 Rb8 16. Rxa7 O-O 17. Ne4 Bb5 18. Nd6 Qb6 19. Qxb6
Rxb6 20. Nxb5 Rxb5 21. h4 h5 22. Rc1 g6 23. Rcc7 Nd5 24. Rc4 Kg7 25. Kg2
Re8 26. Bxd5 Rxd5 27. Rcc7 Rf8 28. Rd7 Rxd7 29. Rxd7 Ra8 30. Rc7 Rb8 31.
Rd7 Ra8 32. Rc7 Rb8 33. Rd7 Ra8 1/2-1/2

[Event "Airthings Masters - Preliminari"]
[Site "Internet"]
[Date "20.02.2022"]
[Round "8"]
[White "Aronian, Levon"]
[Black "Ding Liren"]
[Result "1-0"]
[WhiteElo "2772"]
[BlackElo "2799"]
[EventDate "2022.02.19"]

1. e4 e5 2. Nf3 Nc6 3. Bc4 Nf6 4. Ng5 d5 5. exd5 Na5 6. Bb5+ c6 7. dxc6
bxc6 8. Be2 h6 9. Nh3 Bd6 10. d3 O-O 11. Nd2 c5 12. O-O Bc7 13. Kh1 Rb8 14.
Ng1 Nc6 15. c3 Ne7 16. Ne4 Ng6 17. Nxc5 Nd5 18. Bf3 Nh4 19. Qa4 Nxf3 20.
Nxf3 Rb6 21. Qh4 g5 22. Qe4 f5 23. Qc4 g4 24. Ng1 Kh7 25. b4 Rg6 26. Bd2 h5
27. Rae1 h4 28. f4 exf4 29. Ne2 f3 30. Nf4 Nxf4 31. Bxf4 fxg2+ 32. Kxg2 Bb6
33. Re5 Bxc5 34. bxc5 Ba6 35. Qd4 Bxd3 36. Rd1 Be4+ 37. Kg1 Qf6 38. Qd6 Rf7
39. Re8 Qxc3 40. Qd8 Rh6 41. Bxh6 Qxc5+ 42. Rd4 f4 43. Rh8+ Kg6 44. Qd6+
Qxd6 45. Rxd6+ Kf5 46. Rg8 Ke5 47. Rd1 g3 48. Re8+ Kf5 49. Bxf4 Kxf4 50.
Rd4 1-0

[Event "Airthings Masters - Preliminari"]
[Site "Internet"]
[Date "20.02.2022"]
[Round "8"]
[White "Giri, Anish"]
[Black "Le Quang Liem"]
[Result "1-0"]
[WhiteElo "2772"]
[BlackElo "2709"]
[EventDate "2022.02.19"]

1. e4 e5 2. Nf3 Nc6 3. Bb5 a6 4. Ba4 Nf6 5. O-O Be7 6. Re1 b5 7. Bb3 d6 8.
c3 O-O 9. h3 Bb7 10. d4 Re8 11. Nbd2 Bf8 12. a4 exd4 13. cxd4 Na5 14. Bc2
b4 15. b3 g6 16. Bb2 d5 17. e5 Nh5 18. Nf1 Rc8 19. Ne3 c5 20. dxc5 Rxc5 21.
Ng4 Nc6 22. Qd2 d4 23. Be4 Bg7 24. Rad1 f5 25. exf6 Nxf6 26. Bxc6 Bxc6 27.
Rxe8+ Bxe8 28. Bxd4 Rd5 29. Nxf6+ Bxf6 30. Qxb4 Bf7 31. Qc3 a5 32. b4 axb4
33. Qxb4 Qd6 34. Qc3 Qd7 35. Qa1 Be8 36. a5 Bd8 37. Ne5 Qd6 38. Qa2 Kf8 39.
Nf3 Rxa5 40. Qxa5 Bxa5 41. Bg7+ Ke7 42. Bf8+ Kxf8 43. Rxd6 Bc7 44. Rd1 h6
45. Nd4 Bd7 46. Kf1 Ke7 47. Ke2 Be5 48. Ke3 Kf6 49. Rb1 Bc8 50. Rb6+ Kf7
51. f4 Bf6 52. Ke4 h5 53. Kd5 h4 54. Nf3 Kg7 55. Ne5 Bf5 56. Ng4 Be7 57.
Rb7 Kf8 58. Ke5 Bc5 59. Kf6 Ke8 60. Ne5 Kd8 61. Rb5 Be7+ 62. Kf7 Be4 63.
Nxg6 Bd6 64. Ke6 Kc7 65. Rg5 1-0

[Event "Airthings Masters - Preliminari"]
[Site "Internet"]
[Date "20.02.2022"]
[Round "8"]
[White "Carlsen, Magnus"]
[Black "Praggnanandhaa, Rameshbabu"]
[Result "0-1"]
[WhiteElo "2865"]
[BlackElo "2612"]
[EventDate "2022.02.19"]

1. d4 Nf6 2. c4 e6 3. Nf3 d5 4. Nc3 c5 5. e3 Nc6 6. cxd5 exd5 7. Bb5 cxd4
8. exd4 Bd6 9. O-O O-O 10. h3 h6 11. Re1 Bf5 12. Ne5 Rc8 13. Bf4 Re8 14.
Rc1 Qb6 15. Bxc6 bxc6 16. Na4 Qa6 17. Re3 Ne4 18. f3 Ng5 19. Rec3 Qb7 20.
Bh2 Ne6 21. Nxc6 Nf4 22. Ne5 Bxe5 23. dxe5 Nd3 24. Rxc8 Rxc8 25. Rxc8+ Qxc8
26. Bg3 d4 27. b3 Qc6 28. Qd2 Kh7 29. Kh2 Bg6 30. Qa5 Qc1 31. Qxa7 Qe3 32.
Nc3 Nf4 33. Nd1 Qd2 34. Nf2 Ne2 35. h4 Qe1 36. Qd7 Nxg3 37. Qxd4 Nf1+ 38.
Kh3 Ne3 39. Qb2 Bc2 0-1

[Event "Airthings Masters - Preliminari"]
[Site "Internet"]
[Date "20.02.2022"]
[Round "8"]
[White "Abdusattorov, Nodirbek"]
[Black "Niemann, Hans Moke"]
[Result "1-0"]
[WhiteElo "2651"]
[BlackElo "2642"]
[EventDate "2022.02.19"]

1. c4 c5 2. g3 g6 3. Bg2 Bg7 4. Nc3 Nc6 5. Nf3 d6 6. O-O e5 7. a3 a5 8. d3
Nge7 9. Ne1 Be6 10. Bg5 f6 11. Be3 O-O 12. Nc2 a4 13. Rb1 Ra6 14. Bd2 d5
15. Ne3 d4 16. Nxa4 b6 17. Nd5 Nxd5 18. cxd5 Bxd5 19. Bxd5+ Qxd5 20. b4
Rfa8 21. b5 Rxa4 22. bxc6 R4a6 23. c7 Rc8 24. a4 Rxc7 25. a5 bxa5 26. Rb8+
Kf7 27. Qa4 Qc6 28. Qc4+ Qe6 29. Qa4 g5 30. Rfb1 Kg6 31. Bxa5 Qc6 32. Qxc6
Rcxc6 33. R1b7 Rxa5 34. g4 f5 35. Rg8 fxg4 36. Rbxg7+ Kf6 37. Rxh7 Ra1+ 38.
Kg2 Re1 39. Rh6+ Kf7 40. Rxc6 Kxg8 41. Rxc5 Rxe2 42. Kf1 Rd2 43. Rxe5 Rxd3
44. Rxg5+ Kf7 45. Rxg4 Kf6 46. h4 Ke5 47. Kg2 Kf5 48. Rg8 Rc3 49. h5 Rd3
50. h6 1-0

[Event "Airthings Masters - Preliminari"]
[Site "Internet"]
[Date "20.02.2022"]
[Round "8"]
[White "Esipenko, Andrey"]
[Black "Keymer, Vincent"]
[Result "1-0"]
[WhiteElo "2714"]
[BlackElo "2664"]
[EventDate "2022.02.19"]

1. e4 c6 2. Nf3 d5 3. d3 dxe4 4. dxe4 Qxd1+ 5. Kxd1 Nd7 6. Nfd2 f5 7. exf5
Ne5 8. Nc4 Nxc4 9. Bxc4 Bxf5 10. Be3 Nf6 11. f3 Nd5 12. Bd2 O-O-O 13. Re1
e6 14. Kc1 Bd6 15. g3 b5 16. Bb3 c5 17. c4 Nb4 18. Bxb4 cxb4 19. Nd2 Rd7
20. Ne4 Kb8 21. cxb5 Rc8+ 22. Kb1 Be5 23. Rd1 Rxd1+ 24. Bxd1 Bxe4+ 25. fxe4
Rf8 26. Kc2 Rf2+ 27. Kd3 Rxb2 28. Bg4 Rxh2 29. Rf1 Rxa2 30. Bxe6 Ra3+ 31.
Kc4 Rxg3 32. Kxb4 Bf6 33. Rc1 Re3 34. Bd5 h5 35. Kc5 Kc7 36. Kb4+ Kb8 37.
Kc5 Kc7 38. Kb4+ Kd8 39. Kc5 Kd7 40. Rd1 Be7+ 41. Kd4 Ra3 42. e5 Ra4+ 43.
Kc3 Kc7 44. Bc6 Bc5 45. Rd7+ Kc8 46. e6 Ra1 47. e7 Bxe7 48. Rxe7 a6 49.
bxa6 Rxa6 50. Bb7+ Kd8 51. Rxg7 Ra1 52. Be4 h4 53. Kd4 h3 54. Rh7 h2 55.
Ke5 Re1 56. Rxh2 Ke7 57. Rh7+ Ke8 58. Ra7 Re2 59. Kf5 Kd8 60. Bd5 Re7 61.
Ra8+ Kc7 62. Be6 Kd6 63. Rd8+ Kc7 64. Rd1 Rh7 65. Ke5 Rh5+ 66. Bf5 Rh2 67.
Rc1+ Kb6 68. Kd4 Rd2+ 69. Bd3 Rh2 70. Rg1 Rh6 71. Be4 Rd6+ 72. Bd5 Kc7 73.
Kc5 Rd7 74. Rg8 Rd8 75. Rg6 Rd7 76. Bc6 Re7 77. Rg8 Re5+ 78. Bd5 Re7 79.
Ra8 Rd7 80. Ra1 Re7 81. Ra2 Rd7 82. Be6 Re7 83. Kd5 Kd8 84. Ra8+ Kc7 85.
Rc8+ Kb7 86. Rc2 Rc7 87. Rb2+ Ka7 88. Kd6 Rb7 89. Ra2+ Kb6 90. Bd7 Rb8 91.
Ra1 Rb7 92. Ra8 Ra7 93. Rh8 Rc7 94. Rg8 Kb7 95. Rg1 Kb8 96. Bc6 Rh7 97.
Rg8+ Ka7 98. Kc5 Ka6 99. Rg1 Ka7 100. Ra1+ Kb8 101. Ra8+ Kc7 102. Ra7+ Kc8
103. Rxh7 1-0

[Event "Airthings Masters - Preliminari"]
[Site "Internet"]
[Date "20.02.2022"]
[Round "8"]
[White "Nepomniachtchi, Ian"]
[Black "Kosteniuk, Alexandra"]
[Result "1-0"]
[WhiteElo "2773"]
[BlackElo "2516"]
[EventDate "2022.02.19"]

1. e4 e5 2. f4 d5 3. exd5 exf4 4. Nf3 Nf6 5. Bb5+ c6 6. dxc6 Nxc6 7. Nc3
Bd6 8. Qe2+ Be6 9. Nd4 O-O 10. Nxe6 Qa5 11. Nxg7 Kxg7 12. Bxc6 bxc6 13. O-O
Rae8 14. Qf3 Nh5 15. d4 Qf5 16. g4 Qg6 17. Kh1 Nf6 18. Bxf4 Bxf4 19. Qxf4
Nxg4 20. h3 1-0

[Event "Airthings Masters - Preliminari"]
[Site "Internet"]
[Date "21.02.2022"]
[Round "9"]
[White "Kosteniuk, Alexandra"]
[Black "Artemiev, Vladislav"]
[Result "0-1"]
[WhiteElo "2516"]
[BlackElo "2700"]
[EventDate "2022.02.19"]

1. e4 c5 2. Nf3 e6 3. c3 d5 4. exd5 Qxd5 5. d4 Nf6 6. Be2 Be7 7. O-O O-O 8.
c4 Qc6 9. Qc2 Rd8 10. Rd1 Qb6 11. Be3 Nc6 12. dxc5 Rxd1+ 13. Bxd1 Bxc5 14.
Bxc5 Qxc5 15. Nbd2 e5 16. Nb3 Qe7 17. Be2 a5 18. Re1 Bg4 19. h3 Bh5 20. Qc3
Bg6 21. a3 Ne4 22. Qe3 a4 23. Nbd2 Nc5 24. Bf1 e4 25. Nh4 f5 26. Nxg6 hxg6
27. Nb1 Qe5 28. Nc3 f4 29. Qc1 e3 30. fxe3 f3 31. Qd1 Qg3 32. Qd2 Ne5 33.
Rd1 Rf8 34. Qf2 Qg5 35. g3 b6 36. Rd5 Qe7 37. e4 g5 38. Rd1 Qe6 39. Qd4 Qe8
40. Kf2 Kh7 41. Qe3 Qh5 42. Rd5 Re8 43. Qd4 g4 44. h4 Re6 45. Qe3 Qe8 46.
Qg5 g6 47. Rd8 Qf7 48. Rd5 Qe8 49. Rd8 Qf7 50. Rd5 Ncd7 51. Qd2 Qe7 52. Qe3
Nf6 53. Rb5 Ned7 54. Nd5 Nxd5 55. Rxd5 Nf6 56. Bd3 Nxe4+ 57. Bxe4 Rxe4 58.
Qc3 Re2+ 59. Kf1 Rf2+ 0-1

[Event "Airthings Masters - Preliminari"]
[Site "Internet"]
[Date "21.02.2022"]
[Round "9"]
[White "Keymer, Vincent"]
[Black "Nepomniachtchi, Ian"]
[Result "1/2-1/2"]
[WhiteElo "2664"]
[BlackElo "2773"]
[EventDate "2022.02.19"]

1. d4 Nf6 2. c4 e6 3. Nf3 d5 4. Nc3 Bb4 5. cxd5 exd5 6. Bg5 h6 7. Bh4 c5 8.
dxc5 Nbd7 9. e3 O-O 10. Be2 g5 11. Bg3 Ne4 12. O-O Bxc3 13. bxc3 Nxc3 14.
Qc2 Nxe2+ 15. Qxe2 Nxc5 16. Rfd1 Re8 17. Nd4 Bd7 18. Qf3 Ne4 19. Nf5 Qf6
20. Nd6 Qxf3 21. gxf3 Nxd6 22. Bxd6 Be6 23. Bc5 Rec8 24. Bd4 Bh3 25. Rab1
b6 26. Rb5 Rc2 27. a4 Rac8 28. Rxd5 Rd2 29. Ra1 Kh7 30. a5 bxa5 31. e4 a4
32. Be3 Rxd5 33. exd5 Rc4 34. d6 Rb4 35. Rd1 a3 36. d7 Bxd7 37. Rxd7 a2 38.
Rxf7+ Kg6 39. Rxa7 Rb1+ 40. Kg2 a1=Q 41. Rxa1 Rxa1 42. h3 Kf5 43. Kg3 Ra4
44. Kg2 Rc4 45. Kg3 Ke5 46. Kg2 Ra4 47. Kg3 Kd5 48. Kg2 Kc4 49. f4 gxf4 50.
Bxf4 Ra6 51. Kg3 Kd3 52. Kg4 Ra4 53. Kf5 h5 54. Bg5 Ra6 55. Bf6 Ke2 56. f4
Kf3 57. Be5 h4 58. Kg5 Kg3 59. f5+ Kxh3 60. f6 Ra7 61. Kg6 Kg2 62. f7 Rxf7
63. Kxf7 h3 64. Bd6 h2 65. Bxh2 1/2-1/2

[Event "Airthings Masters - Preliminari"]
[Site "Internet"]
[Date "21.02.2022"]
[Round "9"]
[White "Niemann, Hans Moke"]
[Black "Esipenko, Andrey"]
[Result "0-1"]
[WhiteElo "2642"]
[BlackElo "2714"]
[EventDate "2022.02.19"]

1. c4 e5 2. g3 c6 3. d4 e4 4. a3 d5 5. Nc3 h6 6. Bg2 Nf6 7. f3 exf3 8. Nxf3
Be7 9. O-O O-O 10. Nh4 dxc4 11. e4 Bg4 12. Bf3 Bh3 13. Bg2 Bg4 14. Qd2 Ne8
15. h3 Bh5 16. Qf2 Nd7 17. Be3 Bg5 18. Rae1 Bxe3 19. Qxe3 Qg5 20. Qxg5 hxg5
21. Nf5 Nc7 22. Nd6 Ne6 23. d5 Nec5 24. Nxc4 Nd3 25. Re3 N3e5 26. Nd6 Rab8
27. Rf2 Rfd8 28. Nf5 Nc4 29. Re1 Nde5 30. Bf1 Nd6 31. Re3 f6 32. Nd4 Bf7
33. Re1 c5 34. Nf5 Nxf5 35. Rxf5 a6 36. Na4 Rbc8 37. Nb6 Rc7 38. a4 Bg6 39.
Rxe5 fxe5 40. a5 Be8 41. Bc4 Rd6 42. Rf1 g6 43. Rc1 Bb5 44. Kf2 Kf8 45. Kf3
Kg7 46. Ke3 Rf6 47. b3 Rcf7 48. Bxb5 axb5 49. Rxc5 Rf3+ 50. Ke2 Rf2+ 51.
Ke1 Ra2 52. d6 Rff2 53. Nd5 Rh2 54. Ne3 Rhe2+ 55. Kf1 Rxe3 56. d7 Rd2 57.
Rd5 Rxd5 58. exd5 Rf3+ 59. Ke2 Rf8 0-1

[Event "Airthings Masters - Preliminari"]
[Site "Internet"]
[Date "21.02.2022"]
[Round "9"]
[White "Praggnanandhaa, Rameshbabu"]
[Black "Abdusattorov, Nodirbek"]
[Result "1/2-1/2"]
[WhiteElo "2612"]
[BlackElo "2651"]
[EventDate "2022.02.19"]

1. d4 Nf6 2. c4 g6 3. Nc3 d5 4. Nf3 Bg7 5. cxd5 Nxd5 6. Na4 O-O 7. e4 Nb6
8. Be3 Bg4 9. Be2 Nxa4 10. Qxa4 c5 11. dxc5 Bxb2 12. Rb1 Bc3+ 13. Kf1 Bc8
14. Bc4 Nc6 15. Ke2 Bg7 16. Rhd1 Qc7 17. h3 Na5 18. Bb5 a6 19. Bd3 Be6 20.
Kf1 Rfd8 21. Kg1 h6 22. Be2 Rxd1+ 23. Rxd1 Rd8 24. Rb1 Nc6 25. Bc4 Bxc4 26.
Qxc4 Rd7 27. g3 Qa5 28. Kg2 g5 29. g4 e6 30. a4 Qc3 31. Qxc3 Bxc3 32. h4 f6
33. Kf1 Bb4 34. Ke2 a5 35. Rc1 Kf7 36. hxg5 hxg5 37. e5 Nxe5 38. Nxe5+ fxe5
39. c6 bxc6 40. Rxc6 Kf6 41. Rc8 e4 42. Rc4 Rd3 43. Rxe4 Ra3 44. Bd4+ Kf7
45. Be3 Rxa4 46. Bxg5 Ra2+ 47. Kf3 Bd6 48. Rd4 Bc5 49. Rd7+ Kg6 50. Be3
Bxe3 51. Kxe3 a4 52. Ra7 a3 53. f4 Ra1 54. Kf2 a2 55. Kg2 Kf6 56. Ra6 Kf7
57. g5 Kg7 58. Kh2 Rf1 59. Rxa2 Rxf4 60. Re2 Kg6 61. Rxe6+ Kxg5 62. Re3
Rh4+ 63. Rh3 Rxh3+ 64. Kxh3 1/2-1/2

[Event "Airthings Masters - Preliminari"]
[Site "Internet"]
[Date "21.02.2022"]
[Round "9"]
[White "Ding Liren"]
[Black "Mamedyarov, Shakhriyar"]
[Result "1/2-1/2"]
[WhiteElo "2799"]
[BlackElo "2767"]
[EventDate "2022.02.19"]

1. d4 d5 2. c4 c5 3. cxd5 Qxd5 4. Nf3 cxd4 5. Nc3 Qa5 6. Nxd4 Nf6 7. a3 g6
8. Nb3 Qh5 9. Bf4 Bg7 10. e4 Qxd1+ 11. Rxd1 O-O 12. Be2 Nc6 13. O-O Rd8 14.
Rxd8+ Nxd8 15. Rd1 Be6 16. Nc5 b6 17. Nxe6 Nxe6 18. Be3 Ne8 19. Nd5 Bxb2
20. Nxe7+ Kf8 21. Nd5 Bxa3 22. Ra1 Bb2 23. Ra2 Bd4 24. Nxb6 Rd8 25. Bh6+
Bg7 26. Bxg7+ Kxg7 27. Nd5 Rd7 28. g3 Nd6 29. f3 Nd4 30. Kf2 f5 31. Bd3
fxe4 32. Bxe4 Nc6 33. Ra6 Ne5 34. Ke3 Nxe4 35. Kxe4 Nxf3 36. Kxf3 Rxd5 37.
Rxa7+ 1/2-1/2

[Event "Airthings Masters - Preliminari"]
[Site "Internet"]
[Date "21.02.2022"]
[Round "9"]
[White "Duda, Jan-Krzysztof"]
[Black "Aronian, Levon"]
[Result "0-1"]
[WhiteElo "2760"]
[BlackElo "2772"]
[EventDate "2022.02.19"]

1. d4 Nf6 2. c4 e6 3. Nf3 d5 4. Nc3 Bb4 5. Bg5 dxc4 6. e4 b5 7. a4 c5 8.
axb5 cxd4 9. Nxd4 h6 10. Bxf6 Qxf6 11. Bxc4 O-O 12. O-O Bb7 13. Qb3 Bc5 14.
Nxe6 fxe6 15. Bxe6+ Kh8 16. Bd5 Qe7 17. Kh1 Bxd5 18. Nxd5 Qf7 19. f4 Nd7
20. Rac1 Bb6 21. Qf3 Rad8 22. Rc6 Qe8 23. Rd6 Bc5 24. Nc7 Qe7 25. Re6 Qf7
26. Qc3 Bb6 27. Rxh6+ Kg8 28. Rc6 Nf6 29. Qc2 Ng4 30. Ne6 Ne3 31. Qe2 Nxf1
32. Qxf1 Qxe6 33. Rxe6 Rxf4 34. Re8+ Kh7 35. Qc1 Be3 36. Rxd8 Bxc1 37. g3
Rxe4 38. Rd7 Be3 39. Kg2 Rb4 40. Kf3 Bb6 41. Rd5 Rxb2 42. h4 Rb3+ 43. Kg2
Rc3 0-1

[Event "Airthings Masters - Preliminari"]
[Site "Internet"]
[Date "21.02.2022"]
[Round "10"]
[White "Artemiev, Vladislav"]
[Black "Aronian, Levon"]
[Result "1-0"]
[WhiteElo "2700"]
[BlackElo "2772"]
[EventDate "2022.02.19"]

1. d4 Nf6 2. c4 e6 3. Nf3 d5 4. Nc3 Bb4 5. e3 O-O 6. Bd2 b6 7. Rc1 Bb7 8.
cxd5 exd5 9. Bd3 Be7 10. O-O c5 11. dxc5 bxc5 12. Re1 Na6 13. Bb1 Rb8 14.
b3 c4 15. Qe2 Nc5 16. bxc4 dxc4 17. Nd4 Re8 18. Red1 Qb6 19. Qxc4 Ba6 20.
Nd5 Bxc4 21. Nxb6 Bxa2 22. Bxa2 axb6 23. Nc6 Ra8 24. Nxe7+ Rxe7 25. Bc4 Rd7
26. Bc3 Kf8 27. Bd4 Rc8 28. Be2 Rcd8 29. Rb1 Nd5 30. Bb5 Rd6 31. Be5 Re6
32. Bd4 Red6 33. Rdc1 Nc7 34. Bc4 N7e6 35. Bxe6 Nxe6 36. Bxb6 Ra8 37. e4 h5
38. Be3 g6 39. Ra1 Rxa1 40. Rxa1 Kg7 41. Kf1 Rc6 42. Ra4 Rc2 43. h3 Kf6 44.
g3 Kg7 45. Kg2 Rb2 46. Kf1 Rc2 47. f4 Rc3 48. Ke2 Rc2+ 49. Kf3 Rc3 50. f5
gxf5 51. exf5 Nc7 52. Ke4 Nb5 53. Bf4 Ra3 54. Rxa3 Nxa3 55. Be5+ Kh6 56.
Bf4+ Kg7 57. Bc1 Nb5 58. Bb2+ Kh6 59. Ke5 Kg7 60. Kd5+ Kh6 61. Bc1+ Kg7 62.
Bb2+ Kh6 63. Kc5 Na7 64. Bf6 Nc8 65. Kc6 Kh7 66. Bd8 Kg8 67. Kc7 Na7 68.
Kb6 Nc8+ 69. Kc5 Kf8 70. Bf6 Kg8 71. Kc6 Na7+ 72. Kc5 Nc8 73. Bd8 Kg7 74.
Kd5 Na7 75. Bb6 Nb5 76. Kc6 Na3 77. Bd4+ Kh6 78. Be3+ Kg7 79. Bd4+ Kh6 80.
Kd5 Nb5 81. Be3+ Kh7 82. Bd2 Kg7 83. Kc5 Na7 84. Bc3+ Kh6 85. Bf6 Kh7 86.
Be7 Nc8 87. f6 1-0

[Event "Airthings Masters - Preliminari"]
[Site "Internet"]
[Date "21.02.2022"]
[Round "10"]
[White "Mamedyarov, Shakhriyar"]
[Black "Duda, Jan-Krzysztof"]
[Result "1/2-1/2"]
[WhiteElo "2767"]
[BlackElo "2760"]
[EventDate "2022.02.19"]

1. d4 d5 2. c4 c6 3. Nf3 Nf6 4. Nc3 dxc4 5. a4 e6 6. e4 Bb4 7. Bxc4 Nxe4 8.
O-O Nf6 9. Bg5 h6 10. Bh4 Be7 11. Ne5 Nbd7 12. Nxf7 Kxf7 13. Bxe6+ Kxe6 14.
Qb3+ Kf5 15. Qc2+ Ke6 16. Qb3+ Kf5 17. Qc2+ Ke6 18. Qb3+ 1/2-1/2

[Event "Airthings Masters - Preliminari"]
[Site "Internet"]
[Date "21.02.2022"]
[Round "10"]
[White "Giri, Anish"]
[Black "Ding Liren"]
[Result "1-0"]
[WhiteElo "2772"]
[BlackElo "2799"]
[EventDate "2022.02.19"]

1. Nf3 d5 2. g3 g6 3. Bg2 Bg7 4. O-O e5 5. d3 Nc6 6. e4 dxe4 7. dxe4 Qxd1
8. Rxd1 Bg4 9. c3 Nf6 10. Nbd2 O-O 11. Re1 Rad8 12. Nc4 Rfe8 13. h3 Bc8 14.
b4 b5 15. Nb2 a5 16. a4 axb4 17. axb5 bxc3 18. bxc6 cxb2 19. Bxb2 Rd6 20.
Nxe5 Nh5 21. Ra8 Bd7 22. Rea1 Bc8 23. R1a7 1-0

[Event "Airthings Masters - Preliminari"]
[Site "Internet"]
[Date "21.02.2022"]
[Round "10"]
[White "Abdusattorov, Nodirbek"]
[Black "Le Quang Liem"]
[Result "1-0"]
[WhiteElo "2651"]
[BlackElo "2709"]
[EventDate "2022.02.19"]

1. c4 e6 2. Nc3 d5 3. d4 a6 4. cxd5 exd5 5. Nf3 Nf6 6. Bg5 Be6 7. Qb3 Nbd7
8. e3 b5 9. Qc2 Be7 10. Bd3 Rc8 11. a4 b4 12. Ne2 c5 13. Bxf6 Bxf6 14. Bxa6
Rc7 15. dxc5 O-O 16. c6 b3 17. Qd2 Rxc6 18. Bd3 Nc5 19. Nfd4 Nxd3+ 20. Qxd3
Rc4 21. O-O Bg4 22. Qxb3 Bxe2 23. Nxe2 Qa5 24. Nf4 Be5 25. Nd3 Rb8 26. Qa3
Bf6 27. b4 Qa7 28. Rac1 Be7 29. Qb3 Qa6 30. Ne5 Rcxb4 31. Qxd5 Rf8 32. Nc6
Rb7 33. Qc4 Qxc4 34. Nxe7+ Rxe7 35. Rxc4 Ra7 36. Ra1 Rb8 37. h4 g6 38. a5
Ra6 39. Rc5 Rb2 40. h5 Kg7 41. hxg6 hxg6 42. Ra4 Rd2 43. g3 Rb2 44. Kg2 Rd2
45. Rc7 g5 46. Rc5 Rf6 47. Kh3 Rfxf2 48. Kg4 Kh6 49. a6 Ra2 50. Rxa2 Rxa2
51. Rc6+ Kg7 52. Kxg5 Ra3 53. Kf4 Kf8 54. e4 Kg7 55. g4 Ra5 56. e5 Ra4+ 57.
Kf5 Ra1 58. g5 Rf1+ 59. Ke4 Re1+ 60. Kd5 Rd1+ 61. Kc5 Re1 62. a7 Rxe5+ 63.
Kb6 Re8 64. Kb7 1-0

[Event "Airthings Masters - Preliminari"]
[Site "Internet"]
[Date "21.02.2022"]
[Round "10"]
[White "Esipenko, Andrey"]
[Black "Praggnanandhaa, Rameshbabu"]
[Result "0-1"]
[WhiteElo "2714"]
[BlackElo "2612"]
[EventDate "2022.02.19"]

1. e4 c5 2. Nf3 Nc6 3. Bb5 g6 4. O-O Bg7 5. Re1 e5 6. Bxc6 dxc6 7. a4 g5 8.
d3 g4 9. Nfd2 Be6 10. Nc4 Ne7 11. Be3 b6 12. a5 Rb8 13. axb6 axb6 14. Nbd2
Qc7 15. Rf1 Ng6 16. f3 h5 17. Qe1 O-O 18. fxg4 hxg4 19. Bg5 f6 20. Be3 Ra8
21. Qg3 b5 22. Rxa8 Rxa8 23. Na3 c4 24. dxc4 b4 25. Nab1 Ra2 26. Nb3 Rxb2
27. N1d2 Rxc2 28. Nc5 Bc8 29. Qe1 Qd6 30. g3 Bf8 31. Ncb3 Kg7 32. Qf2 Be7
33. Ra1 Be6 34. Bc5 Qd8 35. Bxe7 Nxe7 36. Qc5 Bf7 37. Qxb4 c5 38. Qa5 Qd3
39. Rf1 Qe3+ 40. Kh1 Bxc4 41. Qd8 Kf7 42. Ra1 Bxb3 0-1